MARC

LEADER 00000nam0a2200000 4500
001 159991
005 20231031155420.0
010 |a 502003536X 
020 |a RU  |b 92-1345 
035 |a (RuTPU)RU\TPU\book\173511 
090 |a 159991 
100 |a 20090516d1991 k a0rusy5003 ca 
101 0 |a rus 
102 |a RU 
105 |a a z 001zy 
200 1 |a Верхний горизонт толщи мерзлых пород  |e сборник научных трудов  |f Академия наук СССР (АН СССР), Сибирское отделение (СО), Институт мерзлотоведения (ИМЗ) ; под ред. П. И. Мельникова 
210 |a Москва  |c Наука  |d 1991 
215 |a 99,[2] с.  |c ил.  |d 22 см 
320 |a Библиогр. в конце ст. 
610 1 |a горные породы 
610 1 |a мерзлые горные породы 
610 1 |a мерзлые породы 
610 1 |a толщи 
610 1 |a формирование 
610 1 |a свойства 
610 1 |a устойчивость 
675 |a 551.345:53  |z rus 
702 1 |a Мельников  |b П. И.  |4 340 
712 0 2 |a Академия наук СССР (АН СССР)  |b Сибирское отделение (СО)  |b Институт мерзлотоведения (ИМЗ)  |c (Якутск)  |2 stltpush  |3 (RuTPU)RU\TPU\col\12256 
801 0 |a RU  |b RuMRKP  |c 19950417  |g psbo 
801 1 |a RU  |b 63413507  |c 20090516  |g PSBO 
801 2 |a RU  |b 63413507  |c 20100902  |g PSBO 
942 |c BK